Quizzes
Events
Quiz Creation
Community
Videos
Private Events
Remove Ads
Sign In
Join for FREE
Feedback
Dark Mode
Quiz Categories
Sports
Geography
Music
Movies
Television
Just For Fun
Miscellaneous
History
Literature
Language
Science
Gaming
Entertainment
Religion
Holiday
For Kids
Quiz Lab
Recent
Popular Today
Quiz Kudos Today
Editor Picks
Curator Picks
Quizzes by...
Day
Popularity
Type
Ratings
Length
Year
Community
Subscriptions
Recent Discussions
Orange Saloon
Badges
Playlists
Quests
Create
Leaderboards
Showdown
Live 5
Trivia Bingo
Activity
Puzzle Library
Sporcle Events
Private Events
Virtual Trivia
Globe League
Become a Host
Pub Owners
SporcleCon
Opinionation
Our Games
Videos
Blog
Mobile Apps
Partnerships
Remove Ads and Go Orange
Feedback
Television
TV Characters
TV Show
Sitcom
Network
Friends
Reality Shows
Cast
South Park
Star Trek
The Simpsons
Doctor Who
Television
TV Characters
TV Show
Sitcom
Network
Friends
Reality Shows
Cast
South Park
Star Trek
The Simpsons
Doctor Who
Random Quiz
Search Sporcle
×
Quiz Lab
Quiz Lab
Television
Character
Type in answers that appear in a list
Type in answers that appear in a list
Classic
Best Score? Go Orange.
Full House Scramble Stats
Can you name the Full House characters names scrambled up?
By
chucktheduck
5m
22 Questions
4,087 Plays
4,087 Plays
4,087 Plays
Comments
Comments
Give Quiz Kudos
Give Quiz Kudos
-
- Ratings
hide this ad
Replay
Link that replays current quiz
Next Quiz
Link to next quiz in quiz playlist
You Got
0%
They Got
Avg Score
67%
Avg Friend Score
Upgrade to see
Score Distribution
Jump to the score distribution portion of the page
Score
0/22
Timer
05:00
0
Plays Today
Name Scrambled
Character
% Correct
JD
DJ
98.4%
SSJEE
Jesse
98.1%
EYOJ
Joey
97.6%
ADNYN
Danny
97.3%
IENHPSTAE
Stephanie
95.5%
BYKEC
Becky
95.2%
EHMLILEC
Michelle
93.5%
MIMYK
Kimmy
92.9%
VEETS
Steve
92.9%
XLAE
Alex
90.5%
IYKNC
Nicky
89.4%
Name Scrambled
Character
% Correct
YIVCK
Vicky
87%
TOECM
Comet
70.3%
PVEIR
Viper
67.2%
WHOIE
Howie
45.3%
STRUY
Rusty
41.3%
EGORR
Roger
38.4%
YIRBG ETH RNOIH
Rigby the Rhino
34.1%
DEKFCUAC
Duckface
20.2%
KENYAN LODDOE
Yankee Doodle
15.3%
VHWTRAEE
Whatever
8.5%
VSOILI
Silvio
7.6%
Quiz Playlist
Details
Report
Send in Message
Add To Playlist
Classic:
Type in answers that appear in a list
Last Updated: Feb 16, 2017
Quiz Scoreboard
CHALLENGE
Sign Up to Join the Scoreboard
Show All
Scores
Hide
Comments
May contain spoilers
Recently Published
1-10 Letter E Words III
by El_Dandy
Language
2m
One Thing in Common: World Cities II
by knightlancer
Geography
7m
Popular People in 1961
by mucciniale
History
6m
More to Explore
Quiz From the Vault
Featured Blog Post
Where Did the Easter Bunny Come From?
hide this ad
You Might Also Like...
Tags
Character
full
Full House
house
scramble
Today's Top Quizzes in Television
Browse Television
hide this ad
Today's Top Quizzes in Character
Browse Character
Top Contributed Quizzes in Television
1
One Piece Logic Puzzle
2
Survivor Logic Puzzle: Heroes vs. Villains
3
Survivor Seasons
4
Survivor Season by Logo
5
Ultimate Survivor Logic Puzzle
6
Survivor Logic Puzzle: Winners at War
7
Survivor Trivia
8
Survivor Heroes vs. Villains Logic Puzzle
9
All US Survivor Seasons in Order
10
Emmerdale Characters (from August 2012)
Explore More
Trending Topics
Crossword
Kpop
Marvel
Harry Potter
Disney
NBA
Anime
Pokémon
The Office
WWE
Song
Country
Soccer
Puzzle
NFL
hide this ad
More By:
chucktheduck
Quiz
Plays
Rating
Category
Featured
Created
Big 4 'P' Team Blitz
62,398
3.98
Sports
Dec 16, 2010
Full House Scramble
4,087
2.40
Television
Jun 22, 2012
Idiots of Animal Crossing (Gamecube)
2,491
2.26
Gaming
Jun 22, 2012
Jets vs. Steelers
1,419
2.36
Sports
Jan 22, 2011
Toy Story Scramble
708
3.57
Movies
Dec 16, 2010
Go to Creator's Profile
Score Distribution
Quiz Creator Spotlight
chucktheduck
Follow
Send a Message
Quizzes Created
-
Created Quiz Play Count
-
More By This Creator
Popular Quizzes Today
1
Find the US States - No Outlines Minefield
2
The Countries of the World
3
Popular People in 1961
4
Find the Countries of Europe - No Outlines Minefield
5
1-10 Letter E Words III
6
Find the US States
7
One Thing in Common: World Cities II
8
US States
More Television Quizzes
5 Blitz: Grey's Anatomy Characters
Quiz Lab
Trending Quizzes
1-10 Letter F Words
One Thing in Common: Music
1-10 Letter G Words
Risky Map Clicking: Next State Alphabetically
1-10 Letter F Words II
Recently Updated
Leaping Animals
pecheneg
Reality TV Shows (A-Z)
bhenderson79
Rickey Henderson's Hall of Fame Teammates
pecheneg
Champions League XIs: Arsenal
pecheneg
Quick Pick: Celebrities in WWE's Hall of Fame
aduchscher
A-Z Keypad Blitz II
pecheneg
Multiple Oscar Actors
pecheneg
Mystery Phrase Blitz: Oscar 'Best Actors'
pecheneg
F. Scott Fitzgerald Novels
LTH
Pick 3 Villains
ddd62291
Trending Topics
Marvel
Kpop
Disney
Crossword
Anime
Harry Potter
NBA
NFL
Song
Soccer
Pokémon
Puzzle
The Office
Country
WWE
Your Account Isn't Verified!
In order to create a playlist on Sporcle, you need to verify the email address you used during registration. Go to your
Sporcle Settings
to finish the process.
Report this User
Report this user for behavior that violates our
Community Guidelines
.
Details:
Send Report
Go to the Sporcle.com Mobile Site →
Comments